000 00737nam a22002417a 4500
007 00
008 170224b xxu||||| |||| 00| 0 eng d
020 _a2-10-007295-1
040 _aBUAC
_cBUC
041 _aFre.
100 _aFOSSET , Bruno
_923261
245 _aChimie Tout - en - Un. 2e année MP - PT :
_bCours et execices corrigés
_c/ par Bruno Fosset , Jean - Bernard Baudin , Frédéric Lahitète
260 _aParis :
_bDunod ,
_c2004.
300 _a513 p.
_c25 cm.
440 _a(J'intègre)
500 _aIndex : pp. (509-513)
630 _aSCIENCES EXACTES
650 _aCHIMIE
700 _aBAUDIN , Jean - Bernard
700 _aLAHITETE , Frédéric
700 _aPREVOST , Valéry
942 _cLBA
999 _c55994
_d55994